000 00459nam a2200181Ia 4500
001 13790
005 20260306164827.0
008 260306t2010||||xx |||||||||||||| ||spa||
041 _aESP
082 _a005.2
_bS21
100 _aSanders, Jason
_eAUT
245 0 _aCUDA by example:
_ban introduction to general-purpose GPU programming
260 _c2010
300 _axix, 290 páginas :
_c
650 _aGEN
654 _aCCC
942 _cLIB
_dJUS
_fJUS
_2ddc
_n
999 _c13790
_d13790